000 00404nam a2200109Ia 4500
008 160909s9999 xx 000 0 und d
100 _aTobin, Ashley N.
245 2 _aA study of the impact of crime shows on contemporary criminal investigations
260 _bThe George Washington University.
_c2016
650 _aInformation Technology
856 _uhttp://pqdtopen.proquest.com/doc/1761911486.html?FMT=ABS
999 _c303850
_d303850